| 000 | 00648nam a2200253Ia 4500 | ||
|---|---|---|---|
| 001 | Z_1540 | ||
| 003 | CHAP | ||
| 008 | 220113s1991 xx 000 0 und d | ||
| 010 | _a164628 | ||
| 040 | _cCHAP | ||
| 082 | _a636.2 T4 1990 | ||
| 110 |
_aThe Texas Agricultural Experiment Station _9138682 |
||
| 245 |
_aBeef cattle research in Texas, 1990 / _cby TAES |
||
| 260 |
_aCollege Station, Texas : _bThe Station, _c1991 |
||
| 300 | _a162 p | ||
| 650 |
_aGanado de carne I. t. _9137500 |
||
| 650 |
_aGanado vacuno _xTexas _945519 |
||
| 901 | _a636.2 T4 1990 | ||
| 902 | _aM | ||
| 910 | _a1991 | ||
| 942 | _c1 | ||
| 942 | _cc1 | ||
| 999 |
_c164628 _d164628 |
||